000 00868cad a22001935a 4500
001 E146942
008 090316e20090311xxk f 000 0 eng d
035 _a(Sirsi) u146942
041 0 _aeng
245 0 0 _aInsolvent tenants
_bempty rates relief in Scotland and England
_h[electronic resource]
260 _c2009
520 _aSets out the position with regard to Empty Rates Relief in Scotland and England, following changes made as a result of the case Exeter City Council v Bairstow & Ors, Re Trident Fashions plc.
590 _aKA
650 2 4 _aEXETER CC V BAIRSTOW AND OTHERS
651 4 _aUnited Kingdom
_y
690 _aPROPERTY-COMMERCIAL PROPERTY-COMMERCIAL PROPERTY TAXATION-BUSINESS RATES
856 4 0 _uhttps://www.mondaq.com/article.asp?articleid=75910&rss=17
_zView the article free of charge (requires registration) at www.mondaq.com...
942 _n0
999 _c81330
_d81330